[Event "DSJ Weihnachtsturnier U20w 2020"]
[Site "https://play.chessbase.com/en/play?room=DSJWeihnachtU20w"]
[Date "2020.12.29"]
[Round "1"]
[White "Rudolph, Eva"]
[Black "Sinner, Joselyne"]
[Result "1-0"]
[Termination "normal"]
[Board "5.2"]
[WhiteElo "1860"]
[BlackElo "1409"]
[WhiteTeam "Düsseldorfer Schachklub 14/25"]
[BlackTeam "Schachgemeinschaft Porz"]
[PlyCount "121"]
[WhiteFideId "16200594"]
[BlackFideId "16210387"]
[EventRounds "7"]
[EventType "team-swiss"]
[EventDate "2020.12.29"]

1. e4 {[%emt 0:00:04]} e5 {[%emt 0:00:03]} 2. Nf3 {[%emt 0:00:02]} Nc6 { [%emt
0:00:02]} 3. d4 {[%emt 0:00:02]} exd4 {[%emt 0:00:05]} 4. Nxd4 {[%emt 0:
00:02]} Bc5 {[%emt 0:00:15]} 5. Nb3 {[%emt 0:00:03]} Bb6 {[%emt 0:00:03]} 6.
Nc3 {[%emt 0:00:02]} Nf6 {[%emt 0:00:35]} 7. Qe2 {[%emt 0:00:04]} O-O {[%emt 0:
00:11]} 8. Bg5 {[%emt 0:00:04]} h6 {[%emt 0:00:16]} 9. Bh4 {[%emt 0:00:03]} Re8
{[%emt 0:00:40]} 10. O-O-O {[%emt 0:00:50]} g5 {[%emt 0:02:10]} 11. Bg3 { [%emt
0:00:26]} d6 {[%emt 0:00:11]} 12. f3 {[%emt 0:00:11]} Nh5 {[%emt 0:00:49] } 13.
Bf2 {[%emt 0:00:45]} Nf4 {[%emt 0:00:11]} 14. Qd2 {[%emt 0:00:06]} Be6 { [%emt
0:00:54]} 15. h4 {[%emt 0:00:30]} Ne5 {[%emt 0:01:26]} 16. hxg5 {[%emt 0:
00:35]} Qxg5 {[%emt 0:00:02]} 17. Kb1 {[%emt 0:00:30]} Rad8 {[%emt 0:00:26]}
18. Bxb6 {[%emt 0:01:32]} axb6 {[%emt 0:00:04]} 19. g3 {[%emt 0:00:06]} Nxf3 {
[%emt 0:00:29]} 20. Qxf4 {[%emt 0:00:17]} Qxf4 {[%emt 0:00:05]} 21. gxf4 {
[%emt 0:00:03]} Kh7 {[%emt 0:00:05]} 22. Be2 {[%emt 0:00:08]} Bg4 {[%emt 0:00:
26]} 23. Rdf1 {[%emt 0:00:34]} Nd2+ {[%emt 0:00:06]} 24. Nxd2 {[%emt 0:00:04]}
Bxe2 {[%emt 0:00:02]} 25. Nxe2 {[%emt 0:00:02]} d5 {[%emt 0:00:06]} 26. Nc3 {
[%emt 0:00:17]} d4 {[%emt 0:00:06]} 27. Nd5 {[%emt 0:00:07]} Rd6 {[%emt 0:00:
26]} 28. Nxc7 {[%emt 0:00:24]} Rc8 {[%emt 0:00:10]} 29. Nd5 {[%emt 0:00:10]}
Rdc6 {[%emt 0:00:05]} 30. Nb4 {[%emt 0:00:09]} Rc5 {[%emt 0:00:08]} 31. Nb3 {
[%emt 0:00:10]} Rc4 {[%emt 0:00:06]} 32. a3 {[%emt 0:00:12]} Re8 {[%emt 0:00:
08]} 33. e5 {[%emt 0:00:09]} Kg7 {[%emt 0:00:05]} 34. Rfg1+ {[%emt 0:00:10]}
Kh7 {[%emt 0:00:01]} 35. Rd1 {[%emt 0:00:02]} Rd8 {[%emt 0:00:02]} 36. Rh2 {
[%emt 0:00:15]} Rdc8 {[%emt 0:00:02]} 37. Rhd2 {[%emt 0:00:03]} Rd8 {[%emt 0:
00:02]} 38. Rxd4 {[%emt 0:00:06]} Rcxd4 {[%emt 0:00:02]} 39. Rxd4 {[%emt 0:00:
04]} Rxd4 {[%emt 0:00:00]} 40. Nxd4 {[%emt 0:00:02]} Kg6 {[%emt 0:00:01]} 41.
Nd5 {[%emt 0:00:03]} h5 {[%emt 0:00:01]} 42. Ne7+ {[%emt 0:00:18]} Kh6 { [%emt
0:00:03]} 43. Nef5+ {[%emt 0:00:03]} Kg6 {[%emt 0:00:03]} 44. Nh4+ { [%emt
0:00:02]} Kh6 {[%emt 0:00:02]} 45. Kc1 {[%emt 0:00:01]} Kg7 {[%emt 0:00: 03]}
46. Kd2 {[%emt 0:00:05]} f6 {[%emt 0:00:01]} 47. e6 {[%emt 0:00:05]} Kf8 {
[%emt 0:00:01]} 48. Ke3 {[%emt 0:00:02]} Ke7 {[%emt 0:00:01]} 49. Ke4 {[%emt 0:
00:02]} Kd6 {[%emt 0:00:03]} 50. Kf5 {[%emt 0:00:03]} Ke7 {[%emt 0:00:02]} 51.
Nb5 {[%emt 0:00:06]} Ke8 {[%emt 0:00:07]} 52. Kxf6 {[%emt 0:00:02]} Kf8 { [%emt
0:00:01]} 53. f5 {[%emt 0:00:07]} Ke8 {[%emt 0:00:02]} 54. e7 {[%emt 0: 00:02]}
Kd7 {[%emt 0:00:02]} 55. Kf7 {[%emt 0:00:01]} Kc6 {[%emt 0:00:02]} 56. e8=Q+
{[%emt 0:00:02]} Kc5 {[%emt 0:00:02]} 57. a4 {[%emt 0:00:06]} Kb4 { [%emt
0:00:02]} 58. Qe4+ {[%emt 0:00:04]} Ka5 {[%emt 0:00:02]} 59. c3 {[%emt 0:
00:10]} Ka6 {[%emt 0:00:02]} 60. Qe8 {[%emt 0:00:03]} Ka5 {[%emt 0:00:02]} 61.
Qa8# {[%emt 0:00:03]} 1-0

[Event "DSJ Weihnachtsturnier U20w 2020"]
[Site "https://play.chessbase.com/en/play?room=DSJWeihnachtU20w"]
[Date "2020.12.29"]
[Round "1"]
[White "Siegel, Irene"]
[Black "Sokolowski, Judith"]
[Result "0-1"]
[Termination "normal"]
[Board "5.3"]
[WhiteElo "1212"]
[BlackElo "1761"]
[WhiteTeam "Schachgemeinschaft Porz"]
[BlackTeam "Düsseldorfer Schachklub 14/25"]
[PlyCount "92"]
[WhiteFideId "16284380"]
[BlackFideId "16200624"]
[EventRounds "7"]
[EventType "team-swiss"]
[EventDate "2020.12.29"]

1. e4 {[%emt 0:00:04]} c5 {[%emt 0:00:04]} 2. c3 {[%emt 0:00:06]} e6 {[%emt 0:
00:03]} 3. d4 {[%emt 0:00:07]} cxd4 {[%emt 0:00:05]} 4. cxd4 {[%emt 0:00:02]}
d5 {[%emt 0:00:19]} 5. exd5 {[%emt 0:00:04]} exd5 {[%emt 0:00:19]} 6. Nf3 {
[%emt 0:00:04]} Nc6 {[%emt 0:00:06]} 7. Nc3 {[%emt 0:00:03]} Nf6 {[%emt 0:00:
08]} 8. Bg5 {[%emt 0:00:04]} Be6 {[%emt 0:00:22]} 9. Bd3 {[%emt 0:00:04]} h6 {
[%emt 0:00:11]} 10. Bf4 {[%emt 0:00:04]} Bd6 {[%emt 0:00:17]} 11. Bg3 {[%emt 0:
00:05]} O-O {[%emt 0:00:03]} 12. O-O {[%emt 0:00:03]} Rb8 {[%emt 0:00:17]} 13.
Re1 {[%emt 0:00:06]} a6 {[%emt 0:00:08]} 14. a3 {[%emt 0:00:20]} Bxg3 {[%emt 0:
00:11]} 15. fxg3 {[%emt 0:00:05]} Qb6 {[%emt 0:00:07]} 16. Kh1 {[%emt 0:00:06]}
Kh8 {[%emt 0:00:54]} 17. Rb1 {[%emt 0:00:19]} Nxd4 {[%emt 0:00:29]} 18. Nxd4 {
[%emt 0:00:33]} Qxd4 {[%emt 0:00:07]} 19. Qf3 {[%emt 0:00:06]} Bg4 {[%emt 0:00:
29]} 20. Qf1 {[%emt 0:00:08]} Rfe8 {[%emt 0:00:21]} 21. Bf5 {[%emt 0:00:40]}
Kg8 {[%emt 0:01:39]} 22. Rbd1 {[%emt 0:00:12]} Bxd1 {[%emt 0:00:20]} 23. Rxd1 {
[%emt 0:00:05]} Qe5 {[%emt 0:00:07]} 24. h3 {[%emt 0:00:27]} d4 {[%emt 0:00:11]
} 25. Nb1 {[%emt 0:00:15]} Rbd8 {[%emt 0:00:05]} 26. Nd2 {[%emt 0:00:03]} Qxg3
{[%emt 0:00:16]} 27. Nc4 {[%emt 0:01:10]} Ne4 {[%emt 0:00:18]} 28. Bxe4 { [%emt
0:00:45]} Rxe4 {[%emt 0:00:00]} 29. Nd2 {[%emt 0:00:06]} Re3 {[%emt 0:00: 14]}
30. Qg1 {[%emt 0:00:07]} Rde8 {[%emt 0:00:21]} 31. Nf1 {[%emt 0:00:08]} Qe5
{[%emt 0:00:36]} 32. Nxe3 {[%emt 0:00:16]} dxe3 {[%emt 0:00:00]} 33. Re1 {
[%emt 0:00:02]} e2 {[%emt 0:00:07]} 34. Qf2 {[%emt 0:00:03]} Qxb2 {[%emt 0:00:
04]} 35. Qf3 {[%emt 0:00:12]} Qd2 {[%emt 0:00:04]} 36. Qf2 {[%emt 0:00:04]} b5
{[%emt 0:00:13]} 37. Kh2 {[%emt 0:00:08]} a5 {[%emt 0:00:10]} 38. Kh1 {[%emt 0:
00:07]} b4 {[%emt 0:00:02]} 39. a4 {[%emt 0:00:15]} b3 {[%emt 0:00:02]} 40. Kh2
{[%emt 0:00:04]} b2 {[%emt 0:00:03]} 41. Qg1 {[%emt 0:00:46]} b1=Q {[%emt 0:00:
29]} 42. Rxb1 {[%emt 0:00:05]} e1=Q {[%emt 0:00:05]} 43. Rxe1 {[%emt 0:00:02]}
Rxe1 {[%emt 0:00:06]} 44. Qc5 {[%emt 0:00:04]} Qf4+ {[%emt 0:00:05]} 45. g3 {
[%emt 0:00:07]} Qd2+ {[%emt 0:00:03]} 46. Qf2 {[%emt 0:00:03]} Qxf2# {[%emt 0:
00:02]} 0-1

[Event "DSJ Weihnachtsturnier U20w 2020"]
[Site "https://play.chessbase.com/en/play?room=DSJWeihnachtU20w"]
[Date "2020.12.29"]
[Round "1"]
[White "Cerkez, Lorena"]
[Black "Göb, Franziska"]
[Result "1-0"]
[Termination "normal"]
[Board "5.4"]
[WhiteElo "1464"]
[BlackElo "900"]
[WhiteTeam "Düsseldorfer Schachklub 14/25"]
[BlackTeam "Schachgemeinschaft Porz"]
[PlyCount "109"]
[WhiteFideId "14418614"]
[BlackFideId "16293177"]
[EventRounds "7"]
[EventType "team-swiss"]
[EventDate "2020.12.29"]

1. e4 {[%emt 0:00:04]} e5 {[%emt 0:00:03]} 2. Nf3 {[%emt 0:00:03]} Nc6 { [%emt
0:00:03]} 3. Bc4 {[%emt 0:00:04]} Bc5 {[%emt 0:00:06]} 4. d3 {[%emt 0:00: 05]}
Nf6 {[%emt 0:00:10]} 5. Nc3 {[%emt 0:00:06]} O-O {[%emt 0:00:24]} 6. O-O {
[%emt 0:00:51]} h6 {[%emt 0:00:15]} 7. h3 {[%emt 0:00:12]} d6 {[%emt 0:00:13]}
8. Ne2 {[%emt 0:00:45]} Be6 {[%emt 0:00:30]} 9. Bxe6 {[%emt 0:00:24]} fxe6 {
[%emt 0:00:04]} 10. Ng3 {[%emt 0:00:12]} Qd7 {[%emt 0:00:22]} 11. c3 {[%emt 0:
00:20]} d5 {[%emt 0:00:51]} 12. b4 {[%emt 0:00:25]} Bb6 {[%emt 0:00:17]} 13. a4
{[%emt 0:00:12]} a6 {[%emt 0:00:18]} 14. Qe2 {[%emt 0:00:53]} d4 {[%emt 0:00:
47]} 15. c4 {[%emt 0:01:21]} Nxb4 {[%emt 0:01:35]} 16. Nxe5 {[%emt 0:00:03]}
Qd6 {[%emt 0:00:29] DuessSK1-004 reconnected.} 17. Ng6 {[%emt 0:01:10]} Rf7 {
[%emt 0:00:34]} 18. e5 {[%emt 0:00:08]} Qd7 {[%emt 0:00:59]} 19. exf6 {[%emt 0:
00:16]} Rxf6 {[%emt 0:00:10]} 20. Qe4 {[%emt 0:00:20]} Rb8 {[%emt 0:00:44]} 21.
Nh5 {[%emt 0:00:50]} Rf7 {[%emt 0:00:26]} 22. Ne5 {[%emt 0:00:03]} Qe7 { [%emt
0:00:18]} 23. Nxf7 {[%emt 0:00:09]} Qxf7 {[%emt 0:00:06]} 24. g4 { [%emt
0:01:00]} Ba7 {[%emt 0:00:42]} 25. Bd2 {[%emt 0:00:07]} Nc6 {[%emt 0:00: 06]}
26. Qf4 {[%emt 0:00:12]} Qxf4 {[%emt 0:00:03]} 27. Nxf4 {[%emt 0:00:07]} Rf8
{[%emt 0:00:03]} 28. Nxe6 {[%emt 0:00:06]} Rc8 {[%emt 0:00:04]} 29. Nf4 { [%emt
0:00:08]} Rf8 {[%emt 0:00:08]} 30. Rab1 {[%emt 0:00:07]} Re8 {[%emt 0:00: 02]}
31. Rxb7 {[%emt 0:00:04]} Ra8 {[%emt 0:00:04]} 32. Rxc7 {[%emt 0:00:02]} Nb8
{[%emt 0:00:02]} 33. Re7 {[%emt 0:00:02]} Nc6 {[%emt 0:00:02]} 34. Re2 { [%emt
0:00:07]} Bb6 {[%emt 0:00:02]} 35. Rfe1 {[%emt 0:00:02]} Ra7 {[%emt 0:00: 02]}
36. Re8+ {[%emt 0:00:02]} Kh7 {[%emt 0:00:03]} 37. R8e4 {[%emt 0:00:02]} Bc7
{[%emt 0:00:03]} 38. Nd5 {[%emt 0:00:02]} Bb6 {[%emt 0:00:03]} 39. Nxb6 { [%emt
0:00:01]} Rb7 {[%emt 0:00:02]} 40. Nd5 {[%emt 0:00:01]} Ra7 {[%emt 0:00: 02]}
41. Re6 {[%emt 0:00:03]} Na5 {[%emt 0:00:02]} 42. Bxa5 {[%emt 0:00:03]} Rf7
{[%emt 0:00:02]} 43. Re7 {[%emt 0:00:01]} Rxe7 {[%emt 0:00:02]} 44. Rxe7 {
[%emt 0:00:01]} Kg8 {[%emt 0:00:03]} 45. Nf4 {[%emt 0:00:01]} Kh7 {[%emt 0:00:
02]} 46. Ra7 {[%emt 0:00:01]} Kg8 {[%emt 0:00:02]} 47. Rxa6 {[%emt 0:00:01]}
Kh7 {[%emt 0:00:02]} 48. Rd6 {[%emt 0:00:02]} Kg8 {[%emt 0:00:02]} 49. c5 {
[%emt 0:00:01]} Kh7 {[%emt 0:00:03]} 50. c6 {[%emt 0:00:01]} Kg8 {[%emt 0:00:
02]} 51. c7 {[%emt 0:00:02]} Kh7 {[%emt 0:00:01]} 52. Rxd4 {[%emt 0:00:02]} Kg8
{[%emt 0:00:03]} 53. c8=Q+ {[%emt 0:00:02]} Kh7 {[%emt 0:00:01]} 54. Qf5+ {
[%emt 0:00:01]} Kg8 {[%emt 0:00:02]} 55. Rd8# {[%emt 0:00:02]} 1-0

[Event "DSJ Weihnachtsturnier U20w 2020"]
[Site "https://play.chessbase.com/en/play?room=DSJWeihnachtU20w"]
[Date "2020.12.29"]
[Round "1"]
[White "Ziegenfuß, Antonia"]
[Black "Reich, Elisabeth"]
[Result "1-0"]
[Termination "normal"]
[Board "6.1"]
[WhiteTitle "WFM"]
[WhiteElo "2101"]
[BlackElo "1191"]
[WhiteTeam "OSG Baden-Baden"]
[BlackTeam "ATSV Oberkotzau"]
[PlyCount "113"]
[WhiteFideId "12962554"]
[BlackFideId "16239776"]
[EventRounds "7"]
[EventType "team-swiss"]
[EventDate "2020.12.29"]

1. e4 {[%emt 0:00:05]} c5 {[%emt 0:00:05]} 2. Nf3 {[%emt 0:00:02]} Nc6 { [%emt
0:00:04]} 3. d4 {[%emt 0:00:01]} cxd4 {[%emt 0:00:02]} 4. Nxd4 {[%emt 0:
00:01]} Nf6 {[%emt 0:00:01]} 5. Nc3 {[%emt 0:00:03]} e6 {[%emt 0:00:03]} 6. Be3
{[%emt 0:00:10]} Bb4 {[%emt 0:00:04]} 7. Bd3 {[%emt 0:00:37]} d5 {[%emt 0:00:
08]} 8. exd5 {[%emt 0:01:15]} Nxd5 {[%emt 0:00:07]} 9. Nxc6 {[%emt 0:00:19]}
bxc6 {[%emt 0:00:05]} 10. Bd2 {[%emt 0:00:06]} Bxc3 {[%emt 0:00:11]} 11. bxc3 {
[%emt 0:00:12]} O-O {[%emt 0:00:04]} 12. O-O {[%emt 0:00:03]} Nf6 {[%emt 0:00:
07]} 13. Bg5 {[%emt 0:00:07]} e5 {[%emt 0:00:08]} 14. Qf3 {[%emt 0:00:20]} Bb7
{[%emt 0:00:16]} 15. Qh3 {[%emt 0:00:13]} h6 {[%emt 0:00:05]} 16. Bh4 {[%emt 0:
00:36]} Re8 {[%emt 0:00:33]} 17. Rad1 {[%emt 0:00:15]} Qe7 {[%emt 0:00:02]} 18.
Bf5 {[%emt 0:00:14]} Bc8 {[%emt 0:00:07]} 19. Bxc8 {[%emt 0:00:06]} Raxc8 {
[%emt 0:00:02]} 20. Rd2 {[%emt 0:00:33]} Rcd8 {[%emt 0:00:07]} 21. Rfd1 { [%emt
0:00:50]} Rxd2 {[%emt 0:00:04]} 22. Rxd2 {[%emt 0:00:01]} Rd8 {[%emt 0: 00:06]}
23. Qe3 {[%emt 0:00:13]} Rxd2 {[%emt 0:00:07]} 24. Qxd2 {[%emt 0:00:08] } Ne4
{[%emt 0:00:15]} 25. Bxe7 {[%emt 0:00:08]} Nxd2 {[%emt 0:00:03]} 26. Bc5 {[%emt
0:00:03]} a6 {[%emt 0:00:05]} 27. f3 {[%emt 0:00:06]} e4 {[%emt 0:00:02] } 28.
Kf2 {[%emt 0:00:07]} exf3 {[%emt 0:00:02]} 29. gxf3 {[%emt 0:00:01]} Nc4 {[%emt
0:00:03]} 30. Ke2 {[%emt 0:00:09]} f6 {[%emt 0:00:07]} 31. Bd4 {[%emt 0:
00:02]} Ne5 {[%emt 0:00:06]} 32. h3 {[%emt 0:00:32]} Kf7 {[%emt 0:00:04]} 33.
Ke3 {[%emt 0:00:03]} Ke6 {[%emt 0:00:11]} 34. Bc5 {[%emt 0:00:13]} Kf7 { [%emt
0:00:09]} 35. f4 {[%emt 0:00:14]} Ng6 {[%emt 0:00:04]} 36. Bd6 {[%emt 0:
00:09]} Ne7 {[%emt 0:00:04]} 37. Ke4 {[%emt 0:00:30]} Ke6 {[%emt 0:00:13]} 38.
Bb4 {[%emt 0:00:28]} Nd5 {[%emt 0:00:08]} 39. f5+ {[%emt 0:00:04]} Kd7 { [%emt
0:00:16]} 40. Kd4 {[%emt 0:00:20]} Nxb4 {[%emt 0:00:07]} 41. cxb4 { [%emt
0:00:01]} Kd6 {[%emt 0:00:03]} 42. c4 {[%emt 0:00:04]} h5 {[%emt 0:00:03] } 43.
a4 {[%emt 0:00:10]} h4 {[%emt 0:00:04]} 44. b5 {[%emt 0:00:12]} cxb5 { [%emt
0:00:05]} 45. cxb5 {[%emt 0:00:03]} axb5 {[%emt 0:00:01]} 46. axb5 { [%emt
0:00:03]} Kc7 {[%emt 0:00:01]} 47. Kc5 {[%emt 0:00:25]} Kb7 {[%emt 0:00: 05]}
48. b6 {[%emt 0:00:05]} Kc8 {[%emt 0:00:03]} 49. Kc6 {[%emt 0:00:01]} Kb8
{[%emt 0:00:02]} 50. b7 {[%emt 0:00:01]} Ka7 {[%emt 0:00:02]} 51. Kc7 {[%emt 0:
00:01]} Ka6 {[%emt 0:00:02]} 52. b8=Q {[%emt 0:00:01]} Ka5 {[%emt 0:00:01]} 53.
Kc6 {[%emt 0:00:02]} Ka4 {[%emt 0:00:02]} 54. Kc5 {[%emt 0:00:03]} Ka3 { [%emt
0:00:01]} 55. Kc4 {[%emt 0:00:02]} Ka2 {[%emt 0:00:01]} 56. Kc3 {[%emt 0:
00:01]} Ka1 {[%emt 0:00:03]} 57. Qb2# {[%emt 0:00:02]} 1-0

[Event "DSJ Weihnachtsturnier U20w 2020"]
[Site "https://play.chessbase.com/en/play?room=DSJWeihnachtU20w"]
[Date "2020.12.29"]
[Round "1"]
[White "Hergenröder, Cora"]
[Black "Visvikis, Kassandra"]
[Result "0-1"]
[Termination "normal"]
[Board "6.2"]
[WhiteElo "1489"]
[BlackElo "1610"]
[WhiteTeam "ATSV Oberkotzau"]
[BlackTeam "OSG Baden-Baden"]
[PlyCount "76"]
[WhiteFideId "34603700"]
[BlackFideId "36052167"]
[EventRounds "7"]
[EventType "team-swiss"]
[EventDate "2020.12.29"]

1. d4 {[%emt 0:00:10]} d5 {[%emt 0:00:13]} 2. c4 {[%emt 0:00:02]} Nf6 {[%emt 0:
00:15]} 3. Nc3 {[%emt 0:00:04]} e6 {[%emt 0:00:03]} 4. Bg5 {[%emt 0:00:09]} c6
{[%emt 0:00:05]} 5. e4 {[%emt 0:00:08]} dxe4 {[%emt 0:00:09]} 6. Nxe4 {[%emt 0:
00:04]} Be7 {[%emt 0:00:01]} 7. Nxf6+ {[%emt 0:00:02]} Bxf6 {[%emt 0:00:01]} 8.
Bxf6 {[%emt 0:00:04]} Qxf6 {[%emt 0:00:02]} 9. Nf3 {[%emt 0:00:03]} Nd7 { [%emt
0:00:20]} 10. Be2 {[%emt 0:00:23]} O-O {[%emt 0:00:41]} 11. O-O {[%emt 0:
00:07]} b6 {[%emt 0:00:31]} 12. b3 {[%emt 0:00:50]} Bb7 {[%emt 0:00:06]} 13.
Qd3 {[%emt 0:00:32]} c5 {[%emt 0:01:31]} 14. Rad1 {[%emt 0:00:40]} Rfd8 { [%emt
0:00:36]} 15. Ne5 {[%emt 0:01:35]} Nxe5 {[%emt 0:00:26]} 16. dxe5 { [%emt
0:00:04]} Qg5 {[%emt 0:00:06]} 17. Qg3 {[%emt 0:00:19]} Qxg3 {[%emt 0:00: 05]}
18. hxg3 {[%emt 0:00:03]} Kf8 {[%emt 0:01:02]} 19. f4 {[%emt 0:00:12]} Ke7
{[%emt 0:00:06]} 20. a4 {[%emt 0:00:31]} Rxd1 {[%emt 0:00:04]} 21. Rxd1 { [%emt
0:00:03]} Rd8 {[%emt 0:00:07]} 22. Kf2 {[%emt 0:00:17]} Be4 {[%emt 0:00: 09]}
23. Rxd8 {[%emt 0:00:06]} Kxd8 {[%emt 0:00:02]} 24. Bd1 {[%emt 0:00:04]} Ke7
{[%emt 0:00:06] ATSVOber1002 offers a draw} 25. Kf1 {[%emt 0:00:29]} f6 { [%emt
0:00:27]} 26. exf6+ {[%emt 0:00:03]} Kxf6 {[%emt 0:00:05]} 27. Kf2 { [%emt
0:00:09]} e5 {[%emt 0:01:09]} 28. fxe5+ {[%emt 0:00:10]} Kxe5 {[%emt 0: 00:04]}
29. g4 {[%emt 0:00:01]} Kd4 {[%emt 0:00:06]} 30. Kg3 {[%emt 0:00:24]} Kc3
{[%emt 0:00:09]} 31. Kf4 {[%emt 0:00:12]} Bxg2 {[%emt 0:00:05]} 32. Kf5 { [%emt
0:00:19]} g6+ {[%emt 0:00:15]} 33. Kf6 {[%emt 0:00:26]} h5 {[%emt 0:00: 02]}
34. gxh5 {[%emt 0:00:08]} gxh5 {[%emt 0:00:01]} 35. Bxh5 {[%emt 0:00:16]} Kxb3
{[%emt 0:00:02]} 36. Ke6 {[%emt 0:00:01]} Kxc4 {[%emt 0:00:02]} 37. Be2+ {
[%emt 0:00:06]} Kb4 {[%emt 0:00:02]} 38. Bb5 {[%emt 0:00:11]} c4 {[%emt 0:00:
05]} 0-1

[Event "DSJ Weihnachtsturnier U20w 2020"]
[Site "https://play.chessbase.com/en/play?room=DSJWeihnachtU20w"]
[Date "2020.12.29"]
[Round "1"]
[White "Leuchsenring, Delia"]
[Black "Nanthivarman, Merymuthu"]
[Result "1-0"]
[Termination "time forfeit"]
[Board "6.4"]
[WhiteElo "1061"]
[BlackElo "1215"]
[WhiteTeam "ATSV Oberkotzau"]
[BlackTeam "OSG Baden-Baden"]
[PlyCount "45"]
[WhiteFideId "34605304"]
[BlackFideId "16255755"]
[EventRounds "7"]
[EventType "team-swiss"]
[EventDate "2020.12.29"]

1. e4 {[%emt 0:00:07]} Nf6 {[%emt 0:00:04]} 2. Nc3 {[%emt 0:00:04]} d5 { [%emt
0:00:06]} 3. exd5 {[%emt 0:00:05]} Nxd5 {[%emt 0:00:04]} 4. Nxd5 { [%emt
0:00:05]} Qxd5 {[%emt 0:00:04]} 5. d3 {[%emt 0:00:04]} g6 {[%emt 0:00:21] } 6.
Bf4 {[%emt 0:00:13]} Qd8 {[%emt 0:00:10]} 7. Nf3 {[%emt 0:00:10]} Bg7 { [%emt
0:00:14]} 8. c3 {[%emt 0:00:08]} O-O {[%emt 0:00:10]} 9. d4 {[%emt 0:00: 08]}
Bf5 {[%emt 0:00:14]} 10. Bc4 {[%emt 0:00:13]} Nd7 {[%emt 0:00:35]} 11. O-O
{[%emt 0:00:05]} Nb6 {[%emt 0:00:04]} 12. Bb3 {[%emt 0:00:11]} Nd5 {[%emt 0:00:
06]} 13. Bg3 {[%emt 0:00:37]} Re8 {[%emt 0:00:48]} 14. Bxd5 {[%emt 0:00:15]}
Qxd5 {[%emt 0:00:13]} 15. Bxc7 {[%emt 0:00:15]} Bg4 {[%emt 0:00:30] Baden2-004
reconnected.} 16. Bg3 {[%emt 0:00:29]} e6 {[%emt 0:02:34]} 17. Qd3 {[%emt 0:00:
58]} e5 {[%emt 0:00:48]} 18. Ng5 {[%emt 0:01:12]} Bf5 {[%emt 0:01:08]} 19. Qd2
{[%emt 0:00:46]} Bh6 {[%emt 0:00:29]} 20. f4 {[%emt 0:00:17]} exf4 {[%emt 0:00:
37]} 21. Bxf4 {[%emt 0:00:11]} Re7 {[%emt 0:00:57]} 22. b3 {[%emt 0:00:36]}
Rae8 {[%emt 0:00:03] Baden2-004 reconnected.} 23. c4 {[%emt 0:00:29] TimeB} 1-0

[Event "DSJ Weihnachtsturnier U20w 2020"]
[Site "https://play.chessbase.com/en/play?room=DSJWeihnachtU20w"]
[Date "2020.12.29"]
[Round "1"]
[White "Pohle, Saskia"]
[Black "Rogozenco, Teodora"]
[Result "1-0"]
[Termination "normal"]
[Board "7.1"]
[BlackTitle "WFM"]
[WhiteElo "1815"]
[BlackElo "1978"]
[WhiteTeam "Schachzwerge Magdeburg"]
[BlackTeam "Hamburger SK von 1830"]
[PlyCount "75"]
[WhiteFideId "16201604"]
[BlackFideId "12938084"]
[EventRounds "7"]
[EventType "team-swiss"]
[EventDate "2020.12.29"]

1. e4 {[%emt 0:00:01]} e5 {[%emt 0:00:02]} 2. Nf3 {[%emt 0:00:01]} Nc6 { [%emt
0:00:02]} 3. d4 {[%emt 0:00:01]} exd4 {[%emt 0:00:05]} 4. Bc4 {[%emt 0: 00:01]}
Nf6 {[%emt 0:00:14]} 5. e5 {[%emt 0:00:01]} d5 {[%emt 0:00:12]} 6. Bb5 {[%emt
0:00:01]} Nd7 {[%emt 0:00:23]} 7. O-O {[%emt 0:00:21]} Be7 {[%emt 0:00: 09]} 8.
Bxc6 {[%emt 0:00:10]} bxc6 {[%emt 0:00:04]} 9. Nxd4 {[%emt 0:00:01]} Nxe5
{[%emt 0:00:12]} 10. Bf4 {[%emt 0:00:21]} Ng6 {[%emt 0:02:24]} 11. Nxc6 { [%emt
0:01:04]} Qd7 {[%emt 0:00:04]} 12. Nxe7 {[%emt 0:00:00]} Nxe7 {[%emt 0: 00:07]}
13. Qd4 {[%emt 0:00:18]} O-O {[%emt 0:00:05]} 14. Nc3 {[%emt 0:00:07]} Bb7
{[%emt 0:00:35]} 15. Rfe1 {[%emt 0:00:09]} Nf5 {[%emt 0:00:59]} 16. Qd3 { [%emt
0:00:30]} Rad8 {[%emt 0:00:23]} 17. Rad1 {[%emt 0:00:31]} Qc8 {[%emt 0: 00:24]}
18. Bxc7 {[%emt 0:00:58]} Qxc7 {[%emt 0:00:22]} 19. Qxf5 {[%emt 0:00: 02]} d4
{[%emt 0:00:15]} 20. Nb5 {[%emt 0:00:31]} Qc6 {[%emt 0:00:09]} 21. f3 { [%emt
0:00:27]} Rd5 {[%emt 0:00:18]} 22. Nxd4 {[%emt 0:00:37]} Rxf5 {[%emt 0: 00:14]}
23. Nxc6 {[%emt 0:00:01]} Bxc6 {[%emt 0:00:01]} 24. Re7 {[%emt 0:00:07] } a5
{[%emt 0:00:36]} 25. c4 {[%emt 0:00:46]} g6 {[%emt 0:00:45]} 26. Rc7 { [%emt
0:00:37]} Rf6 {[%emt 0:00:09]} 27. Kf2 {[%emt 0:00:38]} Rb8 {[%emt 0:00: 09]}
28. b3 {[%emt 0:00:02]} a4 {[%emt 0:00:04]} 29. Rb1 {[%emt 0:00:06]} axb3
{[%emt 0:00:15]} 30. axb3 {[%emt 0:00:01]} Ba4 {[%emt 0:00:55]} 31. b4 { [%emt
0:00:07]} Rd6 {[%emt 0:00:03]} 32. b5 {[%emt 0:00:33]} Rd2+ {[%emt 0:00: 11]}
33. Kg3 {[%emt 0:00:01]} Rc2 {[%emt 0:00:04]} 34. b6 {[%emt 0:00:17]} Rd2
{[%emt 0:00:11]} 35. c5 {[%emt 0:00:12]} Rd7 {[%emt 0:00:03]} 36. Ra1 {[%emt 0:
01:16]} Rxc7 {[%emt 0:00:00]} 37. bxc7 {[%emt 0:00:02]} Bd7 {[%emt 0:00:00]}
38. cxb8=Q+ {[%emt 0:00:01]} 1-0